000 00466nam a2200169 i 4500
001 bg
100 1 _aBEMBEN, Karol
245 0 _aĆwiczenia laboratoryjne z elektrotechniki teoretycznej /
_cKarol Bemben, Maciej Galant, Jan Hołowiński.
260 _aZielona Góra,
_c1976.
700 1 _aGALANT, Maciej
700 1 _aHOŁOWIŃSKI, Jan
040 _cBPK
041 _apol
080 _a621.3(075.8)
942 _cKS
008 s pl f |000 0 pol
999 _c17034
_d17034
856 _uhttp://koha.tu.koszalin.pl/cgi-bin/koha/opac-detail.pl?biblionumber=17034
_yKatalog online BPK